Matemática superior para ingenieros y físicos / (Record no. 171441)

MARC details
000 -LEADER
campo de control de longitud fija 00653nam a22001815i 4500
001 - NÚMERO DE CONTROL
campo de control 171441
003 - IDENTIFICADOR DE NÚMERO DE CONTROL
campo de control ES-MaACL
005 - FECHA Y HORA DE LA ÚLTIMA TRANSACCIÓN
campo de control 20230906214632.0
008 - DATOS DE LONGITUD FIJA--INFORMACIÓN GENERAL
campo de control de longitud fija 090514s1947 ag |||| | spa d
080 ## - NÚMERO DE LA CLASIFICACIÓN DECIMAL UNIVERSAL
Número de la Clasificación Decimal Universal 517
100 1# - ENTRADA PRINCIPAL--NOMBRE DE PERSONA
Nombre de persona Sokolnikoff, Ivan Stephen.
9 (RLIN) 140153
245 10 - MENCIÓN DEL TÍTULO
Título Matemática superior para ingenieros y físicos /
Mención de responsabilidad, etc. Ivan S. Sokolnikoff y Elizabeth S. Sokolnikoff ; traducción española de la 2ª ed. inglesa por I. C. Vignaux.
260 ## - PUBLICACIÓN, DISTRIBUCIÓN, ETC.
Lugar de publicación, distribución, etc. Buenos Aires :
Nombre del editor, distribuidor, etc. Nigar,
Fecha de publicación, distribución, etc. 1947.
300 ## - DESCRIPCIÓN FÍSICA
Extensión XIV, 585 p. :
Otras características físicas il. 24 cm.
700 1# - ENTRADA AGREGADA--NOMBRE PERSONAL
Nombre de persona Sokolnikoff, Elizabeth S.
9 (RLIN) 140154
700 1# - ENTRADA AGREGADA--NOMBRE PERSONAL
Nombre de persona Vignaux, I. C.
9 (RLIN) 140155
852 ## - LOCALIZACIÓN
Ubicación ES-MaACL
Número de control de estantería C-4961
itemnumber R.25591
Holdings
Estatus retirado Estado de pérdida Estado de daño No para préstamo Biblioteca de origen Biblioteca actual Ubicación en estantería Fecha de adquisición Fuente de adquisición Total de préstamos Signatura topográfica completa Código de barras Visto por última vez Precio de reemplazo Tipo de ítem Koha
        Biblioteca del Ateneo de Madrid Biblioteca del Ateneo de Madrid Sala Palomar 14/05/2009     C-4961 1179918 23/02/2023 23/02/2023 Libro impreso